000
00174nam a22000857a 4500
001
1254493
005
20251112124005.0
245
_a
1984
_c
GEORGE ORWELL
260
_b
CAN YAYINLARI
999
_c
1254493
_d
1254493